000 00631cam a22002291 4500
001 he 67002220
003 DLC
005 20260227111451.0
008 840321s1967 is ab 000 0 heb
010 _ahe 67002220
035 _a(OCoLC)19150100
040 _aDLC
_cMH
_dCU
_dDLC
042 _apremarc
043 _aa-is---
050 0 0 _aDS103
_b.N5
100 1 _aNir, Dov.
245 1 0 _aNofe Yiśraʼel :
_bmadrikh masaʻot ʻal pene ha-arets /
_cDov Nir.
260 _a[Tel Aviv] :
_bMasadah,
_c[1967]
300 _a336 p. :
_bill., maps (part col.) ;
_c20 cm.
651 0 _aIsrael
_vGuidebooks.
752 _aIsrael
_dTel Aviv
999 _c32746
_d32746